00465 2200193 4500001002100000005001500021008004100036020002200077035001900099041000600118082000800124090001400132100001700146245002800163260002100191300002400212650001200236990002300248INLIS00000000000637620241224113259241224||||||||| | ||| |||| ||  a978-979-534-755-2 0010-1224006376 a00 a574 a574 JOH i0 aJOHN FARNDON00aIntroduction To Biology bPakar Rayac2010 a80 hlm.:ilus.;30 cm 0aBiology a05.17.01.01.04.001